Music Quiz

Random Music Quiz

'The Jetset Life...' lyrics by My Chemical Romance Quiz Stats

Quiz not verified by Sporcle

Challenge
Share
Tweet
Embed
Score 0/261 Timer 09:00
0 Plays Today
% Correct
I
98.8%
I
98.8%
I
98.8%
I
98.8%
I
98.8%
I
98.8%
I
98.8%
the
97.6%
the
97.6%
the
97.6%
the
97.6%
the
97.6%
the
97.6%
the
97.6%
the
97.6%
the
97.6%
the
97.6%
the
97.6%
the
97.6%
the
97.6%
the
97.6%
the
97.6%
the
97.6%
the
97.6%
the
97.6%
the
97.6%
the
97.6%
the
97.6%
you
95.1%
you?
95.1%
you?
95.1%
you
95.1%
you
95.1%
to
93.9%
to
93.9%
to
93.9%
to
93.9%
to
93.9%
to
93.9%
to
93.9%
to
93.9%
to
93.9%
for
92.7%
She
92.7%
She
92.7%
for
92.7%
she
92.7%
in
92.7%
in
92.7%
for
92.7%
she
92.7%
she
92.7%
she
92.7%
she
92.7%
so
91.5%
into
90.2%
can
90.2%
into
90.2%
into
90.2%
her
89%
Of
89%
Could
89%
of
89%
Could
89%
of
89%
of
89%
of
89%
of
89%
last
87.8%
And
87.8%
last
87.8%
lie
87.8%
lie
87.8%
last
87.8%
And
87.8%
last
87.8%
lie
87.8%
lie
87.8%
And
87.8%
And
87.8%
I'd
86.6%
I'd
86.6%
I'd
86.6%
jar
85.4%
With
85.4%
with
85.4%
killing
84.1%
% Correct
breathe
82.9%
night
82.9%
It
82.9%
It
82.9%
It
82.9%
night
82.9%
It
82.9%
It
82.9%
It
82.9%
It
82.9%
sometimes
81.7%
stare
81.7%
just
81.7%
just
81.7%
hardest
81.7%
part
81.7%
just
81.7%
hardest
81.7%
part
81.7%
just
81.7%
hardest
81.7%
part
81.7%
do
81.7%
just
81.7%
hardest
81.7%
part
81.7%
just
81.7%
hardest
81.7%
part
81.7%
do
81.7%
hours
80.5%
living
80.5%
time
80.5%
living
80.5%
time
80.5%
living
80.5%
time
80.5%
living
80.5%
time
80.5%
living
80.5%
time
80.5%
Gaze
79.3%
even
79.3%
holes
79.3%
kind
79.3%
poked
78%
what
76.8%
Alright,
76.8%
Alright,
76.8%
Alright,
76.8%
Alright,
76.8%
Alright,
76.8%
Alright,
76.8%
Aw
76.8%
Alright,
76.8%
Alright,
76.8%
Alright,
76.8%
Alright,
76.8%
Aw
76.8%
this
75.6%
this
75.6%
this
75.6%
this
75.6%
this
75.6%
this
75.6%
I'm
74.4%
worst
74.4%
argue
74.4%
Hotel
74.4%
next
74.4%
on
74.4%
same
74.4%
on
74.4%
same
74.4%
might
73.2%
find
73.2%
down
73.2%
It's
73.2%
down
73.2%
down
73.2%
It's
73.2%
down
73.2%
down
73.2%
It's
73.2%
down
73.2%
your
73.2%
sugar
73.2%
% Correct
down
73.2%
It's
73.2%
down
73.2%
down
73.2%
It's
73.2%
down
73.2%
your
73.2%
sugar
73.2%
come
72%
got
72%
Check
72%
come
72%
come
72%
come
72%
hope
72%
come
72%
come
72%
hope
72%
like
70.7%
like
70.7%
guy
69.5%
up,
69.5%
she's
69.5%
Bella
69.5%
up,
69.5%
up,
69.5%
name
69.5%
up,
69.5%
up,
69.5%
name
69.5%
get
68.3%
all
68.3%
something
68.3%
else
68.3%
get
68.3%
all
68.3%
get
68.3%
all
68.3%
learn
68.3%
Well
68.3%
get
68.3%
all
68.3%
get
68.3%
all
68.3%
learn
68.3%
Well
68.3%
mind
67.1%
holding
67.1%
holding
67.1%
Pull
65.9%
plug
65.9%
Pull
65.9%
plug
65.9%
Muerte
64.6%
line
63.4%
Lost
63.4%
give
62.2%
wants
62.2%
prescription
62.2%
give
62.2%
wants
62.2%
give
62.2%
wants
62.2%
give
62.2%
wants
62.2%
give
62.2%
wants
62.2%
weak
59.8%
Slip
54.9%
gives
53.7%
gives
53.7%
blind
53.7%
But
53.7%
But
53.7%
sight
52.4%
light
52.4%
Until
51.2%
cops
51.2%
bought
50%
Or
48.8%
tragedy
47.6%
flight
46.3%
you've
43.9%
chamber
42.7%
dry
42.7%
by
41.5%
spun
41.5%

You're not logged in!

Compare scores with friends on all Sporcle quizzes.
Join for Free
OR
Log In

You Might Also Like...

Show Comments

Extras

Top Quizzes Today


Score Distribution

Your Account Isn't Verified!

In order to create a playlist on Sporcle, you need to verify the email address you used during registration. Go to your Sporcle Settings to finish the process.

Report this User

Report this user for behavior that violates our Community Guidelines.

Details: